000 00392nam a22001577a 4500
003 MACL
005 20260410155857.0
008 260410b |||||||| |||| 00| 0 eng d
040 _cMACL
082 _a328/KAS
100 _aKashyap, c. subhash
_91564
245 _aParliamentary wit & humour
260 _aNew delhi
_bShipra
_c1991
650 _aIndian parliament
_984027
942 _2ddc
_cBK
999 _c69048
_d69048